| 000 | 00621nam a2200181Ia 4500 | ||
|---|---|---|---|
| 003 | GCL | ||
| 008 | 140319s9999 xx 000 0 ara d | ||
| 040 |
_aGCL / _cGCL |
||
| 082 | 0 | 4 |
_a230 _bم د |
| 100 | 1 | _aمحمد بن علان الصديقى الشافعى | |
| 245 | 1 | 0 |
_aدليل الفالحين لطرق رياض الصالحين / _cمحمد بن علان الصديقى الشافعى |
| 260 |
_aبيروت : _bدار الكتب العلمية للنشر والتوزيع |
||
| 300 |
_a696ص ؛ _c25 سم |
||
| 490 | _a | ||
| 650 | 0 | 4 | _aالحديث |
| 650 | 0 | 4 | _aالحديث - احكام |
| 942 |
_2ddc _cBK |
||
| 999 |
_c59041 _d59041 |
||